000 00416nam a22001457a 4500
005 20151208154257.0
008 151208b xxu||||| |||| 00| 0 eng d
040 _cPK-LaUMT
082 _aMSC 954.9105092
_bALI-B
100 _aAli Shaikh, Muhammad
245 _aBenazir bhutto
_ba political biography
_cMuhammad Ali Shaikh
260 _aKarachi
_bOrient books publishing house
_c2000
300 _a281 p.
942 _cBK
999 _c80736
_d80736